000
00240nmm a2200085Ia 4500
008
220120s9999||||xx |||||||||||||||||und||
100
_a
PC QUEST
_9
10676
245
0
_a
game zone, 14 open source project mgmt tools , featureing MS
260
_c
2008
999
_c
139231
_d
139231